00860 a2200169 4500020001800000020001500018082001900033245035200052260006300404300003900467650004200506650003600548650002700584650001900611650002900630650003100659 a9780784410592 a0784410593 a629.040286 PUL aTransportation, land use, planning, and air quality :bselected papers of the 2009 Transportation Planning, Land Use, Planning, and Air Quality Conference, July 28-29, 2009, Denver, Colorado /csponsored by the Transportation & Development Institute (T & DI) of the American Society of Civil Engineers ... [et al.] ; edited by Srinivas Pulugurtha. aReston, Va. :bAmerican Society of Civil Engineers,c2009. avi, 163 p. :bill., maps ;c22 cm. aTransportationxEnvironmental aspects aLand usexEnvironmental aspects aAir quality management aAirxPollution aTransportationxPlanning aTransportation engineering